Mi hijo Raúl Pellegrin : comandante José Miguel /

Su madre reconstruye en este libro una vida breve. Apenas 30 años. Nos muestra la etapa de formación de Raúl, su caráter y sus sueños. Judith Friedmann no hace concesiones apologéticas ni da respuestas que desconoce. No acepta verdades reveladas ni utiliza el cartón piedra. No pretende tener la últi...

Full description

Bibliographic Details
Main Author: Friedmann, Tita
Format: Libro
Language:Spanish
Published: Santiago, Chile LOM 2008
Series:Memorias
Subjects:
Online Access:

MARC

LEADER 00000cam a2200000 a 4500
001 022476
003 UAHC_CL
005 20170803122126.0
008 160401s2008 cl 000 bspa
020 |a 9789560000125 
040 |a UAHC_CL  |c UAHC_CL  |d UAHC_CL 
082 0 4 |a 923.283  |b F911  |2 21 
100 1 |a Friedmann, Tita 
245 1 0 |a Mi hijo Raúl Pellegrin :  |b comandante José Miguel /  |c Judith "Tita" Friedmann Volosky. 
260 |b LOM  |a Santiago, Chile  |c 2008 
300 |a 167 p. 
490 0 |a Memorias 
520 |a Su madre reconstruye en este libro una vida breve. Apenas 30 años. Nos muestra la etapa de formación de Raúl, su caráter y sus sueños. Judith Friedmann no hace concesiones apologéticas ni da respuestas que desconoce. No acepta verdades reveladas ni utiliza el cartón piedra. No pretende tener la última palabra. Ha escrito este texto emocionante y necesario. quiere pelear contra el olvido, y recordar la existencia generosa de su hijo 
600 1 4 |a Pellegrin, Raúl  |d 1958-1982 
650 4 |a GUERRILLEROS  |z CHILE  |v BIOGRAFIAS 
900 |a 923.283 FRI 
942 |c BK 
952 |0 0  |1 0  |4 0  |6 923_283000000000000_FRI  |7 0  |8 General  |9 44714  |a BC  |b BC  |c General  |d 2017-08-03  |l 0  |o 923.283 FRI  |p 1553  |r 2026-01-13 00:00:00  |t 1  |w 2017-08-03  |y BK 
999 |c 22476  |d 22476